Tư tưởng văn hóa văn nghệ của chủ nghĩa Mác phương Tây

Shranjeno v:
Bibliografske podrobnosti
Glavni avtor: Phương, Lựu
Format: Knjiga
Jezik:Undetermined
Izdano: Hà Nội Thế giới 2008
Teme:
Oznake: Označite
Brez oznak, prvi označite!
Thư viện lưu trữ: Trung tâm Học liệu Trường Đại học Cần Thơ
LEADER 00585nam a2200193Ia 4500
001 CTU_130906
008 210402s9999 xx 000 0 und d
020 |c 48000 
082 |a 320.5322 
082 |b L566 
100 |a Phương, Lựu 
245 0 |a Tư tưởng văn hóa văn nghệ của chủ nghĩa Mác phương Tây 
245 0 |c Phương Lựu 
260 |a Hà Nội 
260 |b Thế giới 
260 |c 2008 
650 |a Marxism-Leninism,Chủ nghĩa Mác 
904 |i Giang 
980 |a Trung tâm Học liệu Trường Đại học Cần Thơ